Statistics for Guess the Taylor Swift song no hints #39

Click here to take the quiz!

General Stats

  • This quiz has been taken 55 times
  • The average score is 361 of 434

Answer Stats

Answer% Correct
I
100%
when
100%
you
100%
You
100%
a
98%
it
98%
it)
98%
And
95%
On
95%
I'm
93%
it's
93%
me?
93%
me
93%
the
93%
To
93%
to
93%
what
93%
but
91%
But
91%
know
91%
my
91%
My
91%
one
91%
he
89%
He
89%
is
89%
Not
89%
So
89%
They
89%
they
89%
wear
89%
with
89%
are
86%
cause
86%
Cause
86%
like
86%
want
86%
can
84%
ever
84%
for
84%
loves
84%
was
84%
All
82%
as
82%
at
82%
because
82%
call
82%
(Call
82%
Call
82%
from
82%
just
82%
never
82%
new
82%
thing
82%
up
82%
did
80%
don't
80%
down
80%
head
80%
he's
80%
him
80%
his
80%
lover
80%
say
80%
than
80%
yeah
80%
brand
77%
jet
77%
right
77%
Walking
77%
walking
77%
(would
77%
would
77%
baby's
75%
fly
75%
knows
75%
time
75%
whole
75%
away
73%
away?)
73%
back
73%
better
73%
chain
73%
daydream
73%
doing
73%
every
73%
High
73%
look
73%
make
73%
more
73%
neck
73%
really
73%
run
73%
said
73%
scene
73%
stream
73%
above
70%
nothing
70%
owns
70%
round
70%
under
70%
brought
68%
castle
68%
crumbled
68%
fit
68%
gun
68%
heard
68%
initial
68%
knife
68%
months
68%
nights
68%
Nobody's
68%
overnight
68%
same
68%
took
68%
Which
68%
alright
66%
built
66%
calling
66%
fade
66%
fight
66%
fire
66%
keep
66%
kings
66%
learn
66%
least
66%
liars
66%
warm
66%
after
64%
brother
64%
dressing
64%
flowers
64%
grew
64%
making
64%
mistakes
64%
burn
61%
crown
61%
eyes
61%
jokers
61%
need
61%
queens
61%
storm
61%
taking
61%
Bridges
59%
darkest
59%
drama
59%
Holding
59%
laughing
57%
November
57%
save
57%
swings
57%
Trust
57%
Windows
57%
covers
55%
recall
55%
slowly
55%
boarded
52%
breath
52%
forts
52%
late
52%
Starry
50%
sparking
43%
Yes
36%
throns
14%

Score Distribution

Percentile by Number Answered

Percent of People with Each Score

Your Score History

You have not taken this quiz